Loading...
| Science - Biology | 2 | 9 | 1 | 3 | 115 | 44 | 92.45 | 3 | 7 | 0.00 | 0.00 |
| Science - Other | 1 | 6 | 0 | 1 | 75 | 69 | 98.86 | 1 | 3 | 0.00 | 0.00 |
| Science - Chemistry | 2 | 6 | 4 | 1 | 70 | 51 | 85.50 | 3 | 7 | 0.00 | 0.00 |
| Science - Physics | 1 | 5 | 1 | 1 | 60 | 45 | 89.67 | 3 | 5 | 0.00 | 0.00 |
| Beliefs | 0 | 6 | 2 | 1 | 50 | 100 | 111.83 | 0 | 1 | 0.00 | 0.00 |
| Visual Arts | 2 | 0 | 0 | 0 | 30 | 33 | 54.00 | 2 | 2 | 0.00 | 0.00 |
| Social Science | 0 | 2 | 0 | 1 | 20 | 122 | 123.00 | 0 | 0 | 0.00 | 0.00 |
| Fine Arts - Other Arts | 1 | 0 | 0 | 0 | 15 | 32 | 32.00 | 0 | 1 | 0.00 | 0.00 |
| History - Ancient | 0 | 1 | 0 | 1 | 10 | 141 | 141.00 | 0 | 0 | 0.00 | 0.00 |
| Other Academic | 0 | 1 | 1 | 0 | 5 | 88 | 88.00 | 0 | 0 | 0.00 | 0.00 |